Budak penjaga ternakan

Bibliographic Details
Main Author: Amer Haji Matsom
Format: Book
Published: Selangor : Pustaka Tintamas , 2006
Series:Siri positif dan negatif
Subjects:

MARC

LEADER 00000cam a2200000 7i4500
001 0000004159
005 20220105103958.0
008 070725
020 |a 9831351460(set) 
020 |a 9831351495 
090 0 0 |a JP   |b PR MAL (4193) 
100 0 |a Amer Haji Matsom 
245 0 0 |a Budak penjaga ternakan   |c Amer Haji Mat Som 
260 |a Selangor :   |b Pustaka Tintamas ,   |c 2006 
440 |a Siri positif dan negatif 
500 |a Children age 4-6 years old (yellow) 
650 0 |a Junior preschool   |x Malay   |x Languages 
999 |a 0000919349   |b Book   |c Children Collection   |e Cawangan Bukit Gambir 
999 |a 0000919351   |b Book   |c Children Collection   |e Cawangan Bukit Gambir 
999 |a 0000927600   |b Book   |c Children Collection   |e Cawangan Tangkak 
999 |a 0000927602   |b Book   |c Children Collection   |e Cawangan Tangkak 
999 |a 0000946560   |b Book   |c Children Collection   |e Cawangan Taman Sri Lambak 
999 |a 0000975255   |b Book   |c Children Collection   |e Cawangan Bandar Penawar 
999 |a 0000975256   |b Book   |c Children Collection   |e Cawangan Tmn. Ungku Tun Aminah 
999 |a 0000975257   |b Book   |c Children Collection   |e Cawangan Taman Universiti 
999 |a 0000985953   |b Book   |c Children Collection   |e Cawangan Batu Pahat 
999 |a 0000985955   |b Book   |c Children Collection   |e Perbadanan Perpustakaan Awam Johor 
999 |a 0000985956   |b Book   |c Children Collection   |e Perbadanan Perpustakaan Awam Johor